Současné tendence a problémy ekonomického vývoje rozvojových zemí

Enregistré dans:
Détails bibliographiques
Auteur principal: Chyba, Antonín
Format: Livre
Langue:tchèque
Publié: Praha Ústředí vědeckých, technických a ekonomických informací 1986
Tags: Ajouter un tag
Pas de tags, Soyez le premier à ajouter un tag!

MARC

LEADER 00000nam a2200000 4500
001 c103352
005 20251204122713.8
041 0 |a cze 
044 |a CZ 
245 1 0 |a Současné tendence a problémy ekonomického vývoje rozvojových zemí  |c Antonín Chyba 
264 1 |a Praha  |b Ústředí vědeckých, technických a ekonomických informací  |c 1986 
300 |a 108 s. 
100 1 |a Chyba, Antonín